000 00507nam a22001577a 4500
003 NUST
038 _aNusrat Nadeem
082 _a200
100 _aMahmood, Amna
_9134460
245 _aIntegration of LLMs with Conventional Control for Autonomous Vehicles/
_cAmna Mahmood,
264 _aIslamabad:
_SSEECS NUST,
_c2026.
650 _aMS-Electrical Engineering
_923567
700 _aSupervisor: Dr. Sohail Iqbal
_996779
856 _uhttp://10.250.8.41:8080/xmlui/handle/123456789/57882
942 _2ddc
_cSC
999 _c617452
_d617452